Logo Biblioteca

Milton / (Registro nro. 222)

Detalles MARC
000 -LEADER
fixed length control field 00782nam a22001937a 4500
003 - CONTROL NUMBER IDENTIFIER
control field OSt
005 - DATE AND TIME OF LATEST TRANSACTION
control field 20240506104258.0
008 - FIXED-LENGTH DATA ELEMENTS--GENERAL INFORMATION
fixed length control field 240408s2015 ag ||||| |||| 00| 1 spa d
020 ## - INTERNATIONAL STANDARD BOOK NUMBER
International Standard Book Number 9789871912414
040 ## - CATALOGING SOURCE
Transcribing agency besoc
100 1# - MAIN ENTRY--PERSONAL NAME
Personal name Díaz, Manuel
Dates associated with a name 1993-
Relator term autor
245 10 - TITLE STATEMENT
Title Milton /
Statement of responsibility, etc. Manuel Díaz
260 ## - PUBLICATION, DISTRIBUTION, ETC.
Place of publication, distribution, etc. Rosario :
Name of publisher, distributor, etc. Editorial Municipal De Rosario,
Date of publication, distribution, etc. 2015
300 ## - PHYSICAL DESCRIPTION
Extent 52 p.
490 0# - SERIES STATEMENT
Series statement Colección juvenil de narrativa
520 0# - SUMMARY, ETC.
Summary, etc. Durante unas vacaciones en el campo, un chico que se autodefine como obeso y flácido debe sufrir, para complacer a su madre, la compañía de otro chico ágil, flaco y fibroso que lo atormenta con todo tipo de maquinaciones. [Nota del editor]
650 #4 - SUBJECT ADDED ENTRY--TOPICAL TERM
Topical term or geographic name entry element Literatura argentina
Form subdivision Relato
Chronological subdivision Siglo XXI
General subdivision Colección juvenil
942 ## - ADDED ENTRY ELEMENTS (KOHA)
Source of classification or shelving scheme Universal Decimal Classification
Koha item type Obra General
Suppress in OPAC No
Existencias
Withdrawn status Lost status Source of classification or shelving scheme Damaged status Not for loan Collection Home library Current library Date acquired Total checkouts Full call number Barcode Date last seen Price effective from Koha item type
    Universal Decimal Classification     Colección General Biblioteca Escuela de Ciencias Sociales Biblioteca Escuela de Ciencias Sociales 06/05/2024   82-32(821.6) D542 000026 06/05/2024 06/05/2024 Obra General
Biblioteca de la Escuela Preuniversitaria en Ciencias Sociales y Humanísticas.
Riobamba 250 bis.
CP 2000 - Rosario - Santa Fe
E-Mail: biblioteca@esociales.unr.edu.ar